000 00397nam a22001217a 4500
082 _aPRO 220
100 _aNS SHAKIR HANIF NS JUNAID ALI ASSISTANT
_970822
245 _aPR-SOF-1534-DESIGN AND DEPLOYMENT OF WEATHER BALLOON WITH DATA ACQUISITION
260 _aISLAMABAD
_bNUST COLLEGE OF EME
_c2016
650 _a DE-MECH-34
700 _aSUPERVISOR PROFESSOR SAHEEB A. KAYANI
_970823
942 _cCR
999 _c577673
_d577673